[Event "23rd Rubinstein Memorial"]
[Site "Polanica Zdroj POL"]
[Date "1985.08.14"]
[Round "9"]
[White "Sygulski, Artur"]
[Black "Stohl, Igor"]
[Result "1/2-1/2"]
[WhiteElo "2425"]
[BlackElo "2445"]
[EventDate "1985.08.05"]
[PlyCount "61"]

1.d4 Nf6 2.c4 g6 3.Nc3 d5 4.Nf3 Bg7 5.cxd5 Nxd5 6.Qb3 Nxc3 7.bxc3 c5 8.e3 
O-O 9.Be2 Nc6 10.O-O Na5 11.Qb5 b6 12.Ba3 Bd7 13.Qb2 Qc7 14.Rad1 Ba4 15.
Rd2 Rfd8 16.Rc1 e6 17.Bb5 Bxb5 18.Qxb5 Nb7 19.Rdd1 Rac8 20.Qa6 Nd6 21.h3 
Ne4 22.Nd2 Nxd2 23.Rxd2 Rd7 24.Rd3 Rcd8 25.Rcd1 Bf8 26.dxc5 Rxd3 27.Rxd3 
Rxd3 28.Qxd3 Bxc5 29.Bb2 Qd6 30.Qxd6 Bxd6 31.c4 1/2-1/2

[Event "23rd Rubinstein Memorial"]
[Site "Polanica Zdroj POL"]
[Date "1985.08.15"]
[Round "10"]
[White "Mokry, Karel"]
[Black "Gruenberg, Hans-Ulrich"]
[Result "1-0"]
[WhiteElo "2455"]
[BlackElo "2470"]
[EventDate "1985.08.05"]
[PlyCount "59"]

1.e4 c5 2.Nf3 d6 3.d4 cxd4 4.Nxd4 Nf6 5.Nc3 a6 6.Be2 e6 7.f4 Be7 8.a4 Qc7 
9.O-O Nc6 10.Be3 O-O 11.Kh1 Re8 12.Bg1 Rb8 13.Qd3 Nxd4 14.Bxd4 e5 15.Ba7 
Ra8 16.Be3 exf4 17.Bxf4 Be6 18.Rad1 Red8 19.Qg3 Ne8 20.Bd3 Bf6 21.Nd5 Bxd5
22.exd5 Bxb2 23.c3 Qxc3 24.Bg5 Qc7 25.Qh4 h6 26.Be7 Rd7 27.Qe4 f6 28.Qh7+ 
Kf7 29.Rde1 Be5 30.Bxf6 1-0

[Event "23rd Rubinstein Memorial"]
[Site "Polanica Zdroj POL"]
[Date "1985.08.15"]
[Round "10"]
[White "Klinger, Josef"]
[Black "Lerner, Konstantin"]
[Result "0-1"]
[WhiteElo "2460"]
[BlackElo "2515"]
[EventDate "1985.08.05"]
[PlyCount "82"]

1.d4 Nf6 2.c4 e6 3.Nc3 Bb4 4.e3 b6 5.Bd3 Bb7 6.Nf3 O-O 7.O-O c5 8.a3 Bxc3 
9.bxc3 Be4 10.Qc2 Bxd3 11.Qxd3 d5 12.cxd5 Qxd5 13.c4 Qe4 14.Qc3 Nbd7 15.
Bb2 cxd4 16.exd4 Rac8 17.Rfe1 Qg6 18.Qb3 Rc7 19.Ne5 Nxe5 20.Rxe5 Rfc8 21.
d5 exd5 22.cxd5 Qc2 23.Qb5 Rc5 24.Qe2 Qxe2 25.Rxe2 Nxd5 26.g3 f6 27.Rd2 
Ne7 28.Rd7 R5c7 29.Rad1 Kf7 30.a4 Ke8 31.R7d3 Rc2 32.Rb3 R8c7 33.Re1 Kf7 
34.Ba3 Nf5 35.Re4 R2c3 36.Rxc3 Rxc3 37.Bb4 Rd3 38.Rf4 Rd4 39.Rxf5 Rxb4 40.
a5 Ke6 41.Rh5 h6 0-1

[Event "23rd Rubinstein Memorial"]
[Site "Polanica Zdroj POL"]
[Date "1985.08.15"]
[Round "10"]
[White "Nowak, Ignacy"]
[Black "Bany, Jerzy"]
[Result "1-0"]
[WhiteElo "2435"]
[BlackElo "2420"]
[EventDate "1985.08.05"]
[PlyCount "93"]

1.d4 d5 2.c4 c6 3.Nf3 Nf6 4.Nc3 e6 5.Bg5 h6 6.Bxf6 Qxf6 7.e3 Nd7 8.Bd3 Qd8
9.O-O Be7 10.a3 O-O 11.Qc2 a6 12.Rfc1 dxc4 13.Bxc4 c5 14.Rd1 cxd4 15.exd4 
Qc7 16.Ba2 Rd8 17.Rac1 Qf4 18.Qe2 Nf8 19.g3 Qg4 20.Qe3 Bd7 21.Ne5 Qh5 22.
Bc4 Bd6 23.Be2 Qg5 24.f4 Qe7 25.Bf3 Be8 26.Ne4 Rac8 27.Nxd6 Rxc1 28.Rxc1 
Qxd6 29.Nc4 Qc7 30.Qc3 b6 31.Ne5 Qd6 32.Nc4 Qc7 33.Ne3 Qd6 34.d5 Nd7 35.
dxe6 fxe6 36.Rd1 Qb8 37.Qd4 Rc8 38.Nc4 Nc5 39.Ne5 Ba4 40.Re1 Rd8 41.Qe3 
Qc7 42.b4 Nd7 43.Rc1 Qd6 44.Nc4 Qe7 45.Nxb6 Nxb6 46.Qxb6 e5 47.Qe3 1-0

[Event "23rd Rubinstein Memorial"]
[Site "Polanica Zdroj POL"]
[Date "1985.08.16"]
[Round "11"]
[White "Spiridonov, Nikola"]
[Black "Mokry, Karel"]
[Result "1-0"]
[WhiteElo "2420"]
[BlackElo "2455"]
[EventDate "1985.08.05"]
[PlyCount "77"]

1.c4 e5 2.Nc3 d6 3.g3 g6 4.d4 Nc6 5.dxe5 Nxe5 6.b3 Bg7 7.Bb2 Nf6 8.Bg2 O-O
9.Nh3 c6 10.O-O Bf5 11.Nf4 Qb6 12.Na4 Qc7 13.Rc1 Rad8 14.h3 Rfe8 15.Nc3 h5
16.e4 Bc8 17.Rc2 Ned7 18.Rd2 Nc5 19.Re1 a5 20.Nb5 cxb5 21.Bxf6 Be6 22.Bxd8
Rxd8 23.e5 bxc4 24.Rxd6 Re8 25.Nxe6 Rxe6 26.bxc4 Rxe5 27.Rd8+ Kh7 28.Rxe5 
Bxe5 29.Rd2 Kg7 30.h4 Qb6 31.Bd5 Bf6 32.Qf3 Qc7 33.Kg2 Qe7 34.Re2 Qd7 35.
Qe3 Qc7 36.Qe8 Nd3 37.Qb5 b6 38.Qc6 Qa7 39.Qd6 1-0

[Event "23rd Rubinstein Memorial"]
[Site "Polanica Zdroj POL"]
[Date "1985.08.16"]
[Round "11"]
[White "Gruenberg, Hans-Ulrich"]
[Black "Groszpeter, Attila"]
[Result "1/2-1/2"]
[WhiteElo "2470"]
[BlackElo "2445"]
[EventDate "1985.08.05"]
[PlyCount "44"]

1.d4 Nf6 2.c4 g6 3.Nc3 Bg7 4.e4 d6 5.Be2 O-O 6.Nf3 Bg4 7.Be3 Nfd7 8.Ng1 
Bxe2 9.Ngxe2 e5 10.O-O exd4 11.Nxd4 Re8 12.Qd2 Nc6 13.Rad1 Nxd4 14.Bxd4 
Ne5 15.b3 c6 16.h3 Qa5 17.f4 Rad8 18.Qe3 Bh6 19.Na4 Nxc4 20.Qd3 b5 21.Bc3 
Qc7 22.bxc4 bxa4 1/2-1/2

[Event "23rd Rubinstein Memorial"]
[Site "Polanica Zdroj POL"]
[Date "1985.08.16"]
[Round "11"]
[White "Lerner, Konstantin"]
[Black "Donchev, Dimitar"]
[Result "1/2-1/2"]
[WhiteElo "2515"]
[BlackElo "2445"]
[EventDate "1985.08.05"]
[PlyCount "118"]

1.c4 Nf6 2.Nc3 d5 3.cxd5 Nxd5 4.g3 Nxc3 5.bxc3 c5 6.Bg2 Nc6 7.Nf3 e5 8.O-O
Be7 9.d3 Be6 10.Rb1 Rb8 11.Ng5 Bxg5 12.Bxg5 Qd7 13.Qa4 Bd5 14.Bxd5 Qxd5 
15.Be3 O-O 16.Qb3 Qxb3 17.axb3 b6 18.b4 cxb4 19.cxb4 a5 20.bxa5 bxa5 21.
Rxb8 Rxb8 22.Rc1 Nd4 23.Bxd4 exd4 24.Rc4 Rd8 25.g4 Kf8 26.Kg2 Ra8 27.Kf3 
a4 28.Ke4 a3 29.Rc1 a2 30.Ra1 Ra4 31.Kd5 Ke7 32.f4 Kf6 33.h3 h5 34.Kc5 
hxg4 35.hxg4 g5 36.Kb5 Ra8 37.fxg5+ Ke5 38.Kc4 Ra7 39.Kb3 Kf4 40.Rxa2 Rxa2
41.Kxa2 Ke3 42.Kb3 Kxe2 43.Kc4 Ke3 44.g6 fxg6 45.g5 Kf4 46.Kxd4 Kxg5 47.
Ke5 Kh6 48.Kf6 g5 49.Kf5 Kh5 50.d4 g4 51.Kf4 Kh4 52.d5 g3 53.d6 g2 54.d7 
g1=Q 55.d8=Q+ Kh3 56.Qd3+ Kh2 57.Qh7+ Kg2 58.Qg6+ Kh1 59.Qxg1+ Kxg1 
1/2-1/2

[Event "23rd Rubinstein Memorial"]
[Site "Polanica Zdroj POL"]
[Date "1985.08.16"]
[Round "11"]
[White "Garcia Palermo, Carlos"]
[Black "Nowak, Ignacy"]
[Result "1-0"]
[WhiteElo "2515"]
[BlackElo "2435"]
[EventDate "1985.08.05"]
[PlyCount "93"]

1.d4 Nf6 2.c4 g6 3.Nc3 Bg7 4.Nf3 O-O 5.g3 d6 6.Bg2 Nc6 7.O-O a6 8.b3 Rb8 
9.a4 Na5 10.h3 c5 11.dxc5 Nd7 12.Qc2 dxc5 13.Rd1 Nc6 14.Be3 Qa5 15.Rac1 
Nde5 16.Nxe5 Bxe5 17.Nd5 e6 18.Nf4 Nd4 19.Qa2 Bg7 20.Rb1 Bd7 21.Nd3 Rfe8 
22.Nxc5 Qxc5 23.b4 Qa7 24.Bxd4 Bxd4 25.e3 e5 26.exd4 Bf5 27.Rbc1 exd4 28.
c5 Rbd8 29.Bd5 Re7 30.Rxd4 Be6 31.Rcd1 Red7 32.R4d2 Rxd5 33.Rxd5 Rd7 34.
Qe2 Rxd5 35.Rxd5 Bxd5 36.Qe8+ Kg7 37.Qe5+ Kg8 38.Qe8+ Kg7 39.Qe5+ Kg8 40.
Qxd5 Qb8 41.b5 axb5 42.axb5 Kf8 43.c6 bxc6 44.Qxc6 Ke7 45.b6 Qd6 46.Qb7+ 
Ke6 47.Qc8+ 1-0

[Event "23rd Rubinstein Memorial"]
[Site "Polanica Zdroj POL"]
[Date "1985.08.16"]
[Round "11"]
[White "Drasko, Milan"]
[Black "Klinger, Josef"]
[Result "1/2-1/2"]
[WhiteElo "2485"]
[BlackElo "2460"]
[EventDate "1985.08.05"]
[PlyCount "58"]

1.Nf3 Nf6 2.c4 b6 3.Nc3 Bb7 4.d4 e6 5.g3 Be7 6.Bg2 Ne4 7.Qc2 Nxc3 8.Qxc3 
O-O 9.O-O c5 10.b3 Bf6 11.Bb2 cxd4 12.Nxd4 Bxg2 13.Kxg2 d5 14.Rfd1 Nc6 15.
Qf3 Nxd4 16.Bxd4 dxc4 17.Bxf6 Qxf6 18.bxc4 Qe7 19.Rd4 Rac8 20.Rad1 Rc7 21.
Qb3 Rfc8 22.Qb5 h6 23.Rd7 Qf6 24.Rxc7 Rxc7 25.Qe8+ Kh7 26.Rd7 Rxd7 27.Qxd7
a5 28.Qd3+ g6 29.Qd6 Qb2 1/2-1/2

[Event "23rd Rubinstein Memorial"]
[Site "Polanica Zdroj POL"]
[Date "1985.08.16"]
[Round "11"]
[White "Bany, Jerzy"]
[Black "Stohl, Igor"]
[Result "1/2-1/2"]
[WhiteElo "2420"]
[BlackElo "2445"]
[EventDate "1985.08.05"]
[PlyCount "54"]

1.Nf3 g6 2.g3 Bg7 3.d4 Nf6 4.Bg2 O-O 5.O-O d5 6.c4 dxc4 7.Na3 Nc6 8.Nxc4 
Be6 9.Nce5 Bd5 10.Bf4 Nxe5 11.Bxe5 c6 12.Qa4 Qb6 13.Qa3 Rfe8 14.Rfc1 Bh6 
15.Rd1 Nd7 16.Bf4 Bg7 17.Qd3 Bxf3 18.Bxf3 e5 19.Be3 exd4 20.Bxd4 Ne5 21.
Bxb6 Nxd3 22.Bd4 Bxd4 23.Rxd3 Rad8 24.Rad1 Bf6 25.Rxd8 Rxd8 26.Rxd8+ Bxd8 
27.e3 Bf6 1/2-1/2

[Event "23rd Rubinstein Memorial"]
[Site "Polanica Zdroj POL"]
[Date "1985.08.17"]
[Round "12"]
[White "Mokry, Karel"]
[Black "Groszpeter, Attila"]
[Result "1/2-1/2"]
[WhiteElo "2455"]
[BlackElo "2445"]
[EventDate "1985.08.05"]
[PlyCount "29"]

1.e4 c5 2.Nf3 d6 3.d4 cxd4 4.Nxd4 Nf6 5.Nc3 a6 6.Be2 e5 7.Nb3 Be7 8.O-O 
O-O 9.Re1 Be6 10.Bf1 Nbd7 11.Nd5 Nxd5 12.exd5 Bf5 13.c4 a5 14.Be3 a4 15.
Nc1 1/2-1/2

[Event "23rd Rubinstein Memorial"]
[Site "Polanica Zdroj POL"]
[Date "1985.08.17"]
[Round "12"]
[White "Spiridonov, Nikola"]
[Black "Lerner, Konstantin"]
[Result "0-1"]
[WhiteElo "2420"]
[BlackElo "2515"]
[EventDate "1985.08.05"]
[PlyCount "94"]

1.Nf3 c5 2.c4 Nc6 3.Nc3 Nf6 4.g3 e6 5.Bg2 d5 6.cxd5 Nxd5 7.O-O Be7 8.Nxd5 
exd5 9.d4 O-O 10.dxc5 Bxc5 11.Ne1 d4 12.Nd3 Bb6 13.b4 Re8 14.Re1 Bf5 15.
Bd2 Qd7 16.Rc1 Be4 17.Qb3 Bxg2 18.Kxg2 a6 19.Nc5 Bxc5 20.Rxc5 Re5 21.Rxe5 
Nxe5 22.Bf4 Nc6 23.a3 h6 24.Rd1 Re8 25.Qf3 Qf5 26.e3 g5 27.Bc7 Qd7 28.Bb6 
Ne5 29.Qe4 Nc4 30.Rxd4 Rxe4 31.Rxd7 Nxb6 32.Rxb7 Re6 33.Kf3 Nc4 34.a4 Rb6 
35.Rxb6 Nxb6 36.a5 Nd5 37.b5 axb5 38.a6 Nc7 39.a7 Kf8 40.Ke4 Ke7 41.f4 g4 
42.Kd4 Kd6 43.e4 Kc6 44.f5 Kb6 45.e5 Kxa7 46.Kc5 Ka6 47.Kc6 Ne6 0-1

[Event "23rd Rubinstein Memorial"]
[Site "Polanica Zdroj POL"]
[Date "1985.08.17"]
[Round "12"]
[White "Nowak, Ignacy"]
[Black "Gruenberg, Hans-Ulrich"]
[Result "1/2-1/2"]
[WhiteElo "2435"]
[BlackElo "2470"]
[EventDate "1985.08.05"]
[PlyCount "113"]

1.d4 Nf6 2.c4 e6 3.Nf3 b6 4.Nc3 Bb4 5.e3 Bb7 6.Bd3 O-O 7.O-O c5 8.Na4 cxd4
9.a3 Be7 10.exd4 d6 11.Re1 Nbd7 12.b3 Re8 13.Bb2 Rc8 14.Nc3 Qc7 15.Rc1 Qb8
16.Nb1 Bf8 17.Nbd2 Qa8 18.Bf1 g6 19.Ng5 h6 20.Ngf3 Bg7 21.h3 Kh7 22.Re3 
Qb8 23.Qe2 Red8 24.Re1 a6 25.Qd1 b5 26.d5 e5 27.Bc1 Qc7 28.Ne4 bxc4 29.
bxc4 Rb8 30.Ng3 Nc5 31.Nh2 Ng8 32.Ne4 Nxe4 33.Rxe4 f5 34.R4e3 Bc8 35.Nf3 
Nf6 36.Nd2 Bd7 37.a4 Rb4 38.Ra3 Rdb8 39.Ra2 a5 40.Ba3 Bxa4 41.Qa1 R4b7 42.
c5 Nxd5 43.cxd6 Qc3 44.Bc4 Qxa1 45.Raxa1 Nb4 46.Bxb4 Rxb4 47.Reb1 Rxb1+ 
48.Nxb1 Rb4 49.Nc3 Bd7 50.Bf1 a4 51.Nd5 Rb2 52.Rc1 a3 53.Rc7 a2 54.Rxd7 
a1=Q 55.Nf6+ Kh8 56.Rd8+ Bf8 57.Rd7 1/2-1/2

[Event "23rd Rubinstein Memorial"]
[Site "Polanica Zdroj POL"]
[Date "1985.08.17"]
[Round "12"]
[White "Donchev, Dimitar"]
[Black "Drasko, Milan"]
[Result "1/2-1/2"]
[WhiteElo "2445"]
[BlackElo "2485"]
[EventDate "1985.08.05"]
[PlyCount "25"]

1.e4 e6 2.d4 d5 3.Nc3 Bb4 4.e5 c5 5.a3 Bxc3+ 6.bxc3 Ne7 7.a4 Nbc6 8.Nf3 
Qa5 9.Qd2 Bd7 10.Bd3 f6 11.O-O fxe5 12.Nxe5 Nxe5 13.dxe5 1/2-1/2

[Event "23rd Rubinstein Memorial"]
[Site "Polanica Zdroj POL"]
[Date "1985.08.17"]
[Round "12"]
[White "Stohl, Igor"]
[Black "Garcia Palermo, Carlos"]
[Result "1/2-1/2"]
[WhiteElo "2445"]
[BlackElo "2515"]
[EventDate "1985.08.05"]
[PlyCount "20"]

1.Nf3 Nf6 2.c4 e6 3.d4 d5 4.Bg5 Be7 5.Nc3 O-O 6.Qc2 Nbd7 7.cxd5 exd5 8.e3 
c6 9.Bd3 Re8 10.O-O Nf8 1/2-1/2

[Event "23rd Rubinstein Memorial"]
[Site "Polanica Zdroj POL"]
[Date "1985.08.17"]
[Round "12"]
[White "Sznapik, Aleksander"]
[Black "Schmidt, Wlodzimierz"]
[Result "1/2-1/2"]
[WhiteElo "2465"]
[BlackElo "2470"]
[EventDate "1985.08.05"]
[PlyCount "68"]

1.e4 e6 2.d4 d5 3.Nd2 c5 4.exd5 exd5 5.Ngf3 Nc6 6.Bb5 Bd6 7.dxc5 Bxc5 8.
O-O Ne7 9.Nb3 Bd6 10.Re1 O-O 11.Bg5 Bg4 12.Bh4 Re8 13.Bg3 Bxg3 14.hxg3 Qb6
15.a4 Red8 16.Qd2 Bxf3 17.gxf3 a6 18.Bd3 d4 19.Kg2 h6 20.Re4 Nd5 21.Rh1 
Rd6 22.a5 Qb4 23.Qd1 Nf6 24.Reh4 Rad8 25.Qc1 Nd7 26.Be4 Nde5 27.Nxd4 Nxd4 
28.c3 Qxa5 29.cxd4 Nc6 30.Rg4 Kf8 31.Bxc6 Rxc6 32.Qe3 Re6 33.Re4 Rxe4 34.
Qxe4 Kg8 1/2-1/2

[Event "23rd Rubinstein Memorial"]
[Site "Polanica Zdroj POL"]
[Date "1985.08.18"]
[Round "13"]
[White "Lerner, Konstantin"]
[Black "Mokry, Karel"]
[Result "1/2-1/2"]
[WhiteElo "2515"]
[BlackElo "2455"]
[EventDate "1985.08.05"]
[PlyCount "70"]

1.d4 Nf6 2.c4 g6 3.Nc3 d5 4.cxd5 Nxd5 5.e4 Nxc3 6.bxc3 c5 7.Nf3 Bg7 8.Rb1 
O-O 9.Be2 Nc6 10.d5 Bxc3+ 11.Bd2 Bxd2+ 12.Qxd2 Na5 13.h4 Bg4 14.h5 Bxf3 
15.gxf3 e5 16.Qc3 Re8 17.hxg6 fxg6 18.Qxc5 b6 19.Qe3 Rc8 20.Rc1 Rxc1+ 21.
Qxc1 Nb7 22.Qh6 Re7 23.O-O Qd6 24.Rc1 Nc5 25.Bf1 Rf7 26.Rc3 Rf4 27.Ra3 a5 
28.Rc3 Qf8 29.Qh3 Kg7 30.Qg3 Qf6 31.Bh3 h5 32.Kf1 Kh6 33.Ke2 Qd6 34.Qg1 
Rf7 35.Qc1+ Rf4 1/2-1/2

[Event "23rd Rubinstein Memorial"]
[Site "Polanica Zdroj POL"]
[Date "1985.08.18"]
[Round "13"]
[White "Drasko, Milan"]
[Black "Spiridonov, Nikola"]
[Result "1/2-1/2"]
[WhiteElo "2485"]
[BlackElo "2420"]
[EventDate "1985.08.05"]
[PlyCount "55"]

1.d4 Nf6 2.c4 e6 3.Nc3 Bb4 4.Qc2 c5 5.dxc5 Qc7 6.Nf3 Bxc5 7.Bg5 a6 8.e3 
Be7 9.Be2 d6 10.O-O O-O 11.Rfd1 Nbd7 12.Rac1 b6 13.Nd2 Bb7 14.Nde4 h6 15.
Bh4 Rac8 16.Nxf6+ Nxf6 17.Rd2 Rfd8 18.Rcd1 Bc6 19.Qb3 Qb7 20.f3 Rb8 21.a4 
a5 22.Bg3 Ne8 23.e4 Rd7 24.Nb5 Rbd8 25.Nd4 Bf6 26.Nxc6 Qxc6 27.Bf2 Rb7 28.
e5 1/2-1/2

[Event "23rd Rubinstein Memorial"]
[Site "Polanica Zdroj POL"]
[Date "1985.08.18"]
[Round "13"]
[White "Sygulski, Artur"]
[Black "Donchev, Dimitar"]
[Result "1/2-1/2"]
[WhiteElo "2425"]
[BlackElo "2445"]
[EventDate "1985.08.05"]
[PlyCount "24"]

1.d4 Nf6 2.c4 e6 3.Nf3 b6 4.g3 Ba6 5.b3 Bb4+ 6.Bd2 Be7 7.Bg2 c6 8.O-O d5 
9.Nc3 Nbd7 10.Rc1 Rc8 11.Bf4 O-O 12.Qd3 c5 1/2-1/2

[Event "23rd Rubinstein Memorial"]
[Site "Polanica Zdroj POL"]
[Date "1985.08.18"]
[Round "13"]
[White "Garcia Palermo, Carlos"]
[Black "Cvitan, Ognjen"]
[Result "1-0"]
[WhiteElo "2515"]
[BlackElo "2450"]
[EventDate "1985.08.05"]
[PlyCount "129"]

1.d4 Nf6 2.c4 e6 3.Nc3 Bb4 4.e3 c5 5.Ne2 d5 6.a3 Bxc3+ 7.Nxc3 cxd4 8.exd4 
dxc4 9.Bxc4 Nc6 10.Be3 O-O 11.O-O h6 12.f3 b6 13.Bf2 Bb7 14.Qd3 Ne7 15.
Rad1 Ng6 16.Bg3 Nh5 17.Rfe1 Nxg3 18.hxg3 Ne7 19.Re5 Qd6 20.Rde1 Nc6 21.
Rxe6 fxe6 22.Rxe6 Qxd4+ 23.Qxd4 Nxd4 24.Rxh6+ Rf7 25.Rd6 Bxf3 26.Rxd4 Bh5 
27.Nb5 Kf8 28.Rh4 Rc8 29.Bxf7 Rc1+ 30.Kh2 Bxf7 31.Nxa7 Rc7 32.Nb5 Rc2 33.
Rb4 Bd5 34.Nc3 Bxg2 35.g4 g5 36.Rxb6 Ke7 37.a4 Kd7 38.a5 Bc6+ 39.Kh3 Rc1 
40.Ne2 Rd1 41.Kg3 Rd3+ 42.Kf2 Rf3+ 43.Ke1 Re3 44.Rb4 Re5 45.Rd4+ Kc7 46.
Kd2 Rxa5 47.Nc3 Ra1 48.Nd5+ Kb7 49.Rb4+ Ka7 50.Ne3 Ra4 51.Rxa4+ Bxa4 52.
Kd3 Kb6 53.Kd4 Bd7 54.Nf5 Bc6 55.Ke5 Bf3 56.Ne3 Kc5 57.Kf5 Be2 58.Kxg5 Bd3
59.Kf6 Kd4 60.Nf5+ Kc4 61.g5 Kb3 62.g6 Bc4 63.Nd4+ Kxb2 64.Ne6 Bd3 65.g7 
1-0

[Event "23rd Rubinstein Memorial"]
[Site "Polanica Zdroj POL"]
[Date "1985.08.18"]
[Round "13"]
[White "Schmidt, Wlodzimierz"]
[Black "Klinger, Josef"]
[Result "1/2-1/2"]
[WhiteElo "2470"]
[BlackElo "2460"]
[EventDate "1985.08.05"]
[PlyCount "116"]

1.d4 Nf6 2.c4 e6 3.Nc3 Bb4 4.e3 c5 5.Ne2 d5 6.a3 Bxc3+ 7.Nxc3 cxd4 8.exd4 
dxc4 9.Bxc4 Nc6 10.Be3 O-O 11.O-O h6 12.f3 Ne7 13.Bf2 Bd7 14.Re1 Bc6 15.
Qd3 Rc8 16.Ba2 Rc7 17.Rad1 Rd7 18.Ne4 Bxe4 19.fxe4 Ng4 20.Bg3 Qb6 21.Qb3 
Rfd8 22.h3 Nf6 23.Bf2 Nc6 24.Qxb6 axb6 25.d5 exd5 26.e5 Nh7 27.Bxb6 Re8 
28.Rxd5 Rde7 29.Rf1 Nxe5 30.Rxe5 Rxe5 31.Bxf7+ Kf8 32.Bxe8+ Kxe8 33.Bd4 
Re7 34.a4 Ng5 35.b4 Ne6 36.Bb6 Rd7 37.Re1 Kf7 38.Bf2 Rd2 39.Re5 Kf6 40.Rb5
Rd7 41.h4 Nf4 42.Be3 Ne2+ 43.Kf2 Nc3 44.Rb6+ Kf5 45.Kf3 Rd3 46.g4+ Ke5 47.
Rxb7 Nd5 48.Rxg7 Rxe3+ 49.Kf2 Ra3 50.Rg6 Kf4 51.Ke2 Nxb4 52.Rf6+ Ke4 53.
Re6+ Kd4 54.Rxh6 Re3+ 55.Kf1 Nd3 56.Rf6 Ke4 57.Re6+ Ne5 58.g5 Kf5 1/2-1/2

[Event "23rd Rubinstein Memorial"]
[Site "Polanica Zdroj POL"]
[Date "1985.08.19"]
[Round "14"]
[White "Mokry, Karel"]
[Black "Nowak, Ignacy"]
[Result "1/2-1/2"]
[WhiteElo "2455"]
[BlackElo "2435"]
[EventDate "1985.08.05"]
[PlyCount "23"]

1.e4 c5 2.Nf3 e6 3.d4 cxd4 4.Nxd4 Nf6 5.Nc3 d6 6.g4 h6 7.g5 hxg5 8.Bxg5 
Nc6 9.Qd2 Qb6 10.Nb3 a6 11.O-O-O Bd7 12.Qe2 1/2-1/2

[Event "23rd Rubinstein Memorial"]
[Site "Polanica Zdroj POL"]
[Date "1985.08.19"]
[Round "14"]
[White "Stohl, Igor"]
[Black "Groszpeter, Attila"]
[Result "1/2-1/2"]
[WhiteElo "2445"]
[BlackElo "2445"]
[EventDate "1985.08.05"]
[PlyCount "29"]

1.Nf3 Nf6 2.c4 e6 3.Nc3 Bb4 4.Qc2 O-O 5.a3 Bxc3 6.Qxc3 b6 7.b4 Bb7 8.Bb2 
d6 9.e3 Nbd7 10.Be2 c5 11.O-O Rc8 12.d3 Re8 13.Rad1 e5 14.Rfe1 d5 15.bxc5 
1/2-1/2

[Event "23rd Rubinstein Memorial"]
[Site "Polanica Zdroj POL"]
[Date "1985.08.19"]
[Round "14"]
[White "Spiridonov, Nikola"]
[Black "Sygulski, Artur"]
[Result "1/2-1/2"]
[WhiteElo "2420"]
[BlackElo "2425"]
[EventDate "1985.08.05"]
[PlyCount "20"]

1.c4 e5 2.Nc3 d6 3.g3 Nc6 4.Bg2 g6 5.Rb1 a5 6.a3 Bg7 7.b4 axb4 8.axb4 Nf6 
9.d3 O-O 10.Nf3 Nd4 1/2-1/2

[Event "23rd Rubinstein Memorial"]
[Site "Polanica Zdroj POL"]
[Date "1985.08.19"]
[Round "14"]
[White "Donchev, Dimitar"]
[Black "Schmidt, Wlodzimierz"]
[Result "1/2-1/2"]
[WhiteElo "2445"]
[BlackElo "2470"]
[EventDate "1985.08.05"]
[PlyCount "29"]

1.e4 e6 2.d4 d5 3.Nc3 Bb4 4.e5 Ne7 5.a3 Bxc3+ 6.bxc3 c5 7.a4 Nbc6 8.Nf3 
Qa5 9.Qd2 Bd7 10.Bd3 f6 11.O-O fxe5 12.Nxe5 Nxe5 13.dxe5 O-O 14.c4 Qc7 15.
Qg5 1/2-1/2

[Event "23rd Rubinstein Memorial"]
[Site "Polanica Zdroj POL"]
[Date "1985.08.19"]
[Round "14"]
[White "Sznapik, Aleksander"]
[Black "Garcia Palermo, Carlos"]
[Result "0-1"]
[WhiteElo "2465"]
[BlackElo "2515"]
[EventDate "1985.08.05"]
[PlyCount "78"]

1.e4 c6 2.d4 d5 3.Nc3 dxe4 4.Nxe4 Bf5 5.Ng3 Bg6 6.h4 h6 7.Nf3 Nd7 8.h5 Bh7
9.Bd3 Bxd3 10.Qxd3 Qc7 11.Bd2 e6 12.O-O-O Ngf6 13.Qe2 c5 14.Kb1 cxd4 15.
Nxd4 Bc5 16.Nb3 Be7 17.Bc3 Rc8 18.Rd3 O-O 19.Nf5 exf5 20.Qxe7 Rfe8 21.Qd6 
Ne5 22.Qxc7 Rxc7 23.Re3 Ne4 24.Bd4 Nc6 25.Rhe1 Rd8 26.c3 Kh7 27.R3e2 Rd5 
28.Be3 Nf6 29.Rh1 Re7 30.Rd2 Rxd2 31.Bxd2 Ne4 32.Be3 Ng3 33.Rh3 Nf1 34.Bc1
Re2 35.Rf3 g6 36.hxg6+ Kxg6 37.Bf4 f6 38.Nc1 Re4 39.Bc7 Nd2+ 0-1

[Event "23rd Rubinstein Memorial"]
[Site "Polanica Zdroj POL"]
[Date "1985.08.19"]
[Round "14"]
[White "Klinger, Josef"]
[Black "Bany, Jerzy"]
[Result "1-0"]
[WhiteElo "2460"]
[BlackElo "2420"]
[EventDate "1985.08.05"]
[PlyCount "80"]

1.d4 d5 2.c4 c6 3.cxd5 cxd5 4.Nf3 Nf6 5.Nc3 Nc6 6.Bf4 Bf5 7.e3 e6 8.Bb5 
Nd7 9.Qa4 Rc8 10.O-O a6 11.Bxc6 Rxc6 12.Rfc1 Be7 13.Nd1 Nb6 14.Qa5 Qc8 15.
e4 dxe4 16.Ne5 Rxc1 17.Rxc1 Qd8 18.g4 Nd5 19.Qa4+ b5 20.Qxa6 O-O 21.Be3 
Bg6 22.Qxb5 Bd6 23.Qd7 Qa5 24.Nc3 Nxe3 25.Qxd6 Nxg4 26.Nxg6 hxg6 27.d5 
exd5 28.Nxd5 Re8 29.Qd7 Re6 30.Nf4 Qg5 31.Rc8+ Kh7 32.Nxe6 fxe6 33.Qd8 
Nf6+ 34.Kh1 Kh6 35.Rc3 Qf4 36.Qh8+ Kg5 37.Qh3 Nh5 38.Qe3 e5 39.a4 Kf5 40.
Qxf4+ exf4 1-0

[Event "23rd Rubinstein Memorial"]
[Site "Polanica Zdroj POL"]
[Date "1985.08.21"]
[Round "15"]
[White "Nowak, Ignacy"]
[Black "Stohl, Igor"]
[Result "1/2-1/2"]
[WhiteElo "2435"]
[BlackElo "2445"]
[EventDate "1985.08.05"]
[PlyCount "50"]

1.d4 Nf6 2.Nf3 e6 3.c4 b6 4.Nc3 Bb4 5.Bg5 Bb7 6.e3 Bxc3+ 7.bxc3 d6 8.Bd3 
Nbd7 9.O-O Qe7 10.Nd2 h6 11.Bxf6 Nxf6 12.Qc2 O-O 13.Ne4 Nd7 14.Ng3 c5 15.
f4 cxd4 16.cxd4 Rac8 17.Qe2 f5 18.e4 fxe4 19.Nxe4 d5 20.Nd2 Qd6 21.Kh1 Kh8
22.cxd5 Bxd5 23.Nc4 Bxc4 24.Bxc4 Rf6 25.Rad1 Nf8 1/2-1/2

[Event "23rd Rubinstein Memorial"]
[Site "Polanica Zdroj POL"]
[Date "1985.08.21"]
[Round "15"]
[White "Sygulski, Artur"]
[Black "Lerner, Konstantin"]
[Result "1-0"]
[WhiteElo "2425"]
[BlackElo "2515"]
[EventDate "1985.08.05"]
[PlyCount "101"]

1.d4 Nf6 2.c4 e6 3.Nf3 b6 4.g3 Ba6 5.b3 Bb4+ 6.Bd2 Be7 7.Bg2 c6 8.O-O d5 
9.Nc3 Nbd7 10.Bf4 O-O 11.Qd3 c5 12.Nb5 Nh5 13.Be3 Bxb5 14.cxb5 f5 15.Ne5 
Bd6 16.Nc6 Qc7 17.dxc5 bxc5 18.Bxd5 exd5 19.Qxd5+ Rf7 20.Rad1 Bf8 21.Ne7+ 
Bxe7 22.Qxa8+ Bf8 23.Qc6 Ne5 24.Qxc7 Rxc7 25.Rd5 Ng4 26.Bd2 g6 27.Rc1 Rb7 
28.a4 Be7 29.Ba5 Nhf6 30.Rdd1 Nd7 31.b4 cxb4 32.Rc7 Rxc7 33.Bxc7 Nc5 34.a5
a6 35.h3 Nf6 36.Bb6 Nfe4 37.Bxc5 Nxc5 38.Rb1 Ne6 39.bxa6 Bc5 40.a7 Bxa7 
41.Rxb4 Nc5 42.Rd4 Nb7 43.Rd7 Bxf2+ 44.Kxf2 Nxa5 45.Rc7 h6 46.Ke3 Kf8 47.
Kd4 Nb3+ 48.Kd3 Kg8 49.e3 Kf8 50.Kc2 Na5 51.Rc5 1-0

[Event "23rd Rubinstein Memorial"]
[Site "Polanica Zdroj POL"]
[Date "1985.08.21"]
[Round "15"]
[White "Groszpeter, Attila"]
[Black "Cvitan, Ognjen"]
[Result "1/2-1/2"]
[WhiteElo "2445"]
[BlackElo "2450"]
[EventDate "1985.08.05"]
[PlyCount "23"]

1.d4 Nf6 2.c4 e6 3.Nf3 d5 4.Nc3 Be7 5.Bg5 O-O 6.e3 Nbd7 7.Rc1 c6 8.Bd3 
dxc4 9.Bxc4 Nd5 10.Bxe7 Qxe7 11.O-O Nxc3 12.Rxc3 1/2-1/2

[Event "23rd Rubinstein Memorial"]
[Site "Polanica Zdroj POL"]
[Date "1985.08.21"]
[Round "15"]
[White "Schmidt, Wlodzimierz"]
[Black "Spiridonov, Nikola"]
[Result "1/2-1/2"]
[WhiteElo "2470"]
[BlackElo "2420"]
[EventDate "1985.08.05"]
[PlyCount "87"]

1.d4 Nf6 2.c4 e6 3.Nc3 Bb4 4.e3 c5 5.Ne2 cxd4 6.exd4 O-O 7.a3 Be7 8.d5 
exd5 9.cxd5 Re8 10.d6 Bf8 11.g3 Qb6 12.Bg2 Bxd6 13.Be3 Rxe3 14.fxe3 Be5 
15.Qd2 Nc6 16.O-O d6 17.Nf4 Bg4 18.Rf2 Re8 19.Ncd5 Nxd5 20.Nxd5 Qd8 21.Rc1
h5 22.Rc4 Be6 23.b4 g6 24.b5 Na5 25.Rb4 Kg7 26.Nf4 Qg5 27.Nxe6+ Rxe6 28.
Bd5 Re7 29.Kg2 Rc7 30.Re4 b6 31.Rf3 f5 32.Rh4 Rc3 33.Ra4 Rc5 34.Qd3 Kh6 
35.h4 Qe7 36.e4 Qc7 37.exf5 Rxd5 38.Qxd5 Qc2+ 39.Kh3 Qxa4 40.fxg6 Qg4+ 41.
Kg2 Qxg6 42.a4 Qg4 43.Qf7 Nc4 44.Rf6+ 1/2-1/2

[Event "23rd Rubinstein Memorial"]
[Site "Polanica Zdroj POL"]
[Date "1985.08.21"]
[Round "15"]
[White "Bany, Jerzy"]
[Black "Donchev, Dimitar"]
[Result "1/2-1/2"]
[WhiteElo "2420"]
[BlackElo "2445"]
[EventDate "1985.08.05"]
[PlyCount "23"]

1.Nf3 Nf6 2.c4 e6 3.g3 d5 4.Bg2 dxc4 5.Qa4+ Nbd7 6.O-O a6 7.Nc3 c5 8.Qxc4 
b5 9.Qb3 Bb7 10.d3 Bc6 11.a4 c4 12.Qc2 1/2-1/2